Statistiques concernant Joueurs du FC Sochaux Montbéliard depuis la descente en Ligue 2

Cliquez ici pour prendre le quiz!

Statistiques générales

  • Ce quiz a été pris 162 fois
  • Le résultat moyen est 51 sur 124

Statistiques - réponses

PositionNomNationalitéAnnéeFormé à Sochaux ?% Correct
GardienMaxence PrévotFrance2016-Oui
96%
Défenseur centralFlorentin PogbaGuinée2020-
81%
Milieu offensifGaëtan WeissbeckFrance2019-
80%
GardienMehdi JeanninAlgérie2020-Oui
80%
Arrière gaucheAbdallah NdourSénégal2020-
79%
Ailier droitAldo KaluluFrance2017-2018 // 2021 -
79%
Arrière droitValentin HenryFrance2021-
76%
Milieu offensifTony MauricioFrance2021-
75%
Milieu centralRassoul NdiayeFrance2019-Oui
74%
Défenseur centralIsmaël AanebaMaroc2021-
72%
Ailier gaucheFlorian MartinFrance2015-2018
71%
Milieu centralJoseph LopySénégal2012-2015 // 2020 -Oui
70%
Avant-centreYann KitalaFrance2020-
68%
Défenseur centralChristophe DiedhiouSénégal2019-
67%
Avant-centreFamara DiédhiouSénégal2014-2016Oui
66%
GardienOlivier WernerBelgique2015-2017
66%
GardienPapa Demba CamaraSénégal2011-2016
65%
Ailier gaucheAlan VirginiusFrance2020-Oui
63%
Milieu défensifJeando FuchsCameroun2016-2019Oui
63%
Arrière droitJulien FaussurierFrance2013-2016
63%
Milieu centralOusseynou ThiouneSénégal2019-
63%
GardienYohann PeléFrance2014-2015
63%
Défenseur centralIbrahima KonatéFrance2016-2017Oui
62%
Défenseur centralMaxence LacroixFrance2018-2020Oui
62%
GardienLawrence Ati ZigiGhana2017-2020
60%
Ailier gaucheMarcus ThuramFrance2015-2017Oui
60%
Ailier gaucheMaxime Do CoutoFrance2021-
60%
Ailier gaucheKarl Toko EkambiCameroun2014-2016
59%
Milieu défensifFlorian TardieuFrance2014-2018
58%
Ailier gaucheSteve AmbriGuinée-Bissau2020-
58%
Milieu défensifYounès KaabouniFrance2019-
56%
Milieu défensifEl-Hadji BaMauritanie2017-2018
55%
Arrière droitMarvin SenayaFrance2021-
54%
Avant-centreErmedin DemirovicBosnie Herzegovine2018-2019
53%
Avant-centreIma AndriatsimaMadagascar2016-2018
53%
Milieu centralSofiane DahamAlgérie2016-2021Oui
53%
Avant-centreThomas RobinetFrance2016-2019Oui
53%
Arrière droitRafa NavarroEspagne2018-2019
51%
Avant-centreAbdoulaye SanéSénégal2018-2020
49%
Défenseur centralAdolphe TeikeuCameroun2015-2018 / 2019-2020
49%
Défenseur centralJérôme OnguénéCameroun2015-2017Oui
49%
Milieu défensifMohamed SissokoMali2019-2020
49%
Milieu offensifSamy FarajAlgérie2020-Oui
49%
Ailier droitMoussa SaoFrance2015-2018
48%
GardienQuentin Galvez-DiarraFrance2021-Oui
48%
Avant-centreHermann TebilyFrance2021-Oui
47%
Avant-centreSloan PrivatGuyane2008-2013 // 2019-2020Oui
47%
Défenseur centralJean RuizFrance2016-2019Oui
45%
Défenseur centralBoris MoltenisFrance2019-2021Oui
44%
Milieu offensifFlorin BérenguerFrance2014-2018
44%
Arrière gaucheJason PendantFrance2016-2020Oui
44%
Défenseur centralStoppila SunzuZambie2014-2015
44%
Arrière gaucheChristopher RocchiaFrance2019-2020
43%
Arrière droitMickaël AlphonseGuadeloupe2016-2018
42%
GardienChristopher DiloGuadeloupe2016-2017
41%
Arrière gaucheNicolas SenzembaFrance2015-2020Oui
41%
GardienAubin LongFrance2017-2021
40%
Milieu centralMalcolm ViltardFrance2021-Oui
40%
Défenseur centralOlivier VerdonBénin2018-2019
40%
Arrière droitPape PayeFrance2019-2021
40%
Arrière droitSidy DiagneSuisse2020-Oui
40%
Milieu défensifLucien AgouméFrance2018-2020Oui
39%
Arrière droitSalem M'BakataFrance2018-2021Oui
39%
Avant-centreAdama NianeMali2020-2022
38%
Ailier gaucheThomas TouréCôte d'Ivoire2019-2020
38%
Arrière gaucheRomain SansFrance2019-2021Oui
36%
Ailier droitJérémy LivolantFrance2019-2020
35%
Ailier droitYohan MolloFrance01/2019 - 06/2019
35%
Avant-centreÉdouard ButinFrance2008-2015Oui
34%
Avant-centreYoann TouzgharTunisie2017-2018
34%
Ailier droitBryan LasmeFrance2017-2021Oui
33%
Arrière gaucheJérôme RoussillonFrance2012-2015Oui
33%
Ailier gaucheSofiane DiopFrance2019-2020
33%
Défenseur centralVivianBrésil2014-2017
33%
Avant-centreChris BediaCôte d'Ivoire2020-2021
32%
Ailier gaucheFabien OuregaFrance2019-2021
32%
Milieu offensifHamza SakhiMaroc01/2019-06/2019
32%
Milieu offensifBryan SoumaréFrance2020-2021
31%
Milieu centralMartin FrançoisFrance2016-2020Oui
31%
Ailier droitYakou MéïtéCôte d'Ivoire2017-2018
31%
Arrière gaucheBruno CollaçoBrésil2015-2017
30%
Défenseur centralPierre GibaudFrance2014-2018
30%
Défenseur centralJean-Pascal MignotFrance2014-2016
29%
Défenseur centralNathan ZohoréFrance2019-Oui
29%
Défenseur centralFlorent OgierFrance2016-2018
28%
Avant-centreGoran KaranovicSuisse2016-2017
28%
Milieu défensifMarco IlaimaharitraMadagascard2014-2017Oui
28%
Arrière gaucheZakarya BergdichMaroc2017-2018
28%
Milieu défensifElisha OwusuGhana2018-2019
27%
Défenseur centralJosemaEspagne2018-2019
27%
Ailier gaucheTope ObadeyiAngleterre2018-2020
27%
Ailier droitFranck HonoratFrance2016-2017
26%
Défenseur centralJohan MartialFrance2020-2021
26%
Défenseur centralRafa PáezEspagne2018-2019
26%
Avant-centreRaphaël CacérèsFrance2014-2016
26%
Arrière droitAxel BakayokoFrance2017-2018
25%
Avant-centreFranck EtoundiCameroun01/2019 - 06/2019
25%
Avant-centreSekou CisséCôte d'Ivoire2015-2016
25%
Milieu offensifThomas GuerbertFrance2013-2016
24%
Milieu défensifMart RistlAllemagne2017-2018
23%
Avant-centreWalid JarmouniFrance2020-Oui
23%
Ailier droitCyrille BayalaBurkina Faso01/2019 - 06/2019
22%
Milieu défensifJohann RamaréFrance2015-2017
22%
Ailier gaucheAnderson CruzAngola2018-2019
21%
Ailier droitHadi SackoMali01/2016-06/2016
21%
Défenseur centralLionel ZoumaRépublique Centrafrique2013-2016Oui
21%
Arrière gaucheMarkus PavicAutriche2018-2019
21%
Milieu centralMelvin SittiFrance2019-2020Oui
21%
Milieu offensifRayoEspagne2015-2016
21%
Ailier gaucheNatanaël NtollaFrance2020-2021Oui
20%
Défenseur centralRayan SenhadjiFrance2016-2020Oui
20%
Milieu offensifAksel AktasTurquie2017-2018Oui
19%
Milieu centralHoussine KharjaMaroc2014-2015
19%
Milieu centralMadger GomesEspagne2018-2019
19%
Arrière droitAlexandre NsakalaFrance2018-2019Oui
18%
Milieu offensifMohamed LarbiTunisie2017-2018
18%
Défenseur centralEinar GalileaEspagne2018-2019
17%
Avant-centrePylyp BudkivskyiUkraine2018-2019
17%
Ailier droitRomain HabranFrance2014-2015
17%
Milieu défensifIsaak UmbdenstockFrance2019-2021Oui
15%
Avant-centreManuel SemedoFrance2020-2021Oui
13%
Ailier gaucheMamadou DialloGuinée2014-2015Oui
12%
Milieu défensifMickaël MalsaMartinique2014-2015Oui
11%
Avant-centreVictor GlaentzlinFrance2018-2020Oui
11%

Distribution des résultats

Percentile par nombre de réponses

% des personnes avec chaque résultat

Votre développement - résultats

Vous n’avez pas pris ce quiz